Science Quiz

Random Science or Clickable Quiz

APES 2015 Marissa Bergeron Chapter 10 Quiz Stats

 Plays Quiz not verified by Sporcle

Score 0/19 Timer 20:00
0 Plays Today
% Correct
surface fires
88%
overgrazing
85.3%
bagasse
80%
community-based conservation
80%
deforestation
76.5%
selective cutting
76%
strip cutting
76%
clear-cut
72%
conservation concessions
72%
biodiversity hotspots
70.6%
% Correct
old-growth forest or primary forest
67.6%
forage
64%
rangelands
61.8%
ecological restoration
52.9%
tree plantation, tree farm or commerical forest
50%
pastures
50%
reconciliation ecology
50%
second-growth forest
48.5%
wilderness
44.1%

You're not logged in!

Compare scores with friends on all Sporcle quizzes.
OR
Log In

Show Comments

Extras

Created Aug 24, 2015ReportNominate
Tags:Clickable Quiz, 2015, ape, chapter, marissa

Top Quizzes Today


Score Distribution

Your Account Isn't Verified!

In order to create a playlist on Sporcle, you need to verify the email address you used during registration. Go to your Sporcle Settings to finish the process.

Report this User

Report this user for behavior that violates our Community Guidelines.

Details: